• 首页
  • 本馆介绍
  • 公告通知
  • 最新文献
  • 馆藏检索
  • 电子资源
  • 读者导购
  • 参考咨询
  • 我的图书馆
  • 登录
  • 详细信息显示
  • 放入我的书架
  • 预约/预借图书
  • 作者相关作品
  • 分类相关作品
  • 丛书相关作品
  • 出版社相关作品

书目信息

  • 表格格式
  • 工作单格式
  • 卡片格式
题名:
党组织选举工作手册
    
 
作者: ;中共中央组织部组织局 编著
分册:  
出版信息: 北京   党建读物出版社  2001
页数: 15,318页
开本: cm
丛书名:
单 册:
中图分类: D267-62
科图分类:
主题词: 基层组织 , 选举
电子资源:
ISBN: 7-80098-538-5
000 00979nam0 2200277 450
001 1558224251
005 20150203161108.79
010    @a7-80098-538-5@dCNY16.30
100    @a20020130d2001 em y0chiy0110 ea
101 0  @achi
102    @aCN@b110000
105    @ay z 001yy
200 1  @a党组织选举工作手册@9dang zu zhi xuan ju gong zuo shou ce@f中共中央组织部组织局编著
205    @b修订本
210    @a北京@c党建读物出版社@d2001
215    @a15,318页@dcm
300    @a内部发行
330    @a本书包括总类,党代表大会筹备工作的组织领导及有关文件的准备,党的委员会委员、纪律检查委员会委员的产生,党的委员会、纪律检查委员会常务委员会委员和书记、副书记的产生等内容。
601 0  @a中国共产党@x基层组织@x选举@x工作@j手册
601 0  @2CT@3S096238@a中国共产党
606 0  @a基层组织
606 0  @a选举
690    @aD267-62@v5
711 02 @a中共中央组织部组织局@9zhong gong zhong yang zu zhi bu zu zhi ju@4编著
801  0 @aCN@bTSSF@c20150203
905    @aZUCC@dD267-62@eJY1
    
    党组织选举工作手册/中共中央组织部组织局编著.-修订本.-北京:党建读物出版社,2001
    15,318页;cm
    内部发行
    
    ISBN 7-80098-538-5:CNY16.30
    本书包括总类,党代表大会筹备工作的组织领导及有关文件的准备,党的委员会委员、纪律检查委员会委员的产生,党的委员会、纪律检查委员会常务委员会委员和书记、副书记的产生等内容。
●
相关链接 在E读中查询图书 在五车中查询图书 在当当中查询图书 在豆瓣中查询图书


正题名:党组织选举工作手册     索取号:D267-62/JY1         预约/预借

序号 登录号 条形码 馆藏地/架位号 状态 备注
1 7865255   278652557   学院路分馆/ [索取号:D267-62/JY1] 在馆    
唐山师范学院图书馆 欢迎您!
大连网信软件有限公司© 版权所有